№ 10 (154); Справочник эколога

書目詳細資料
Parent link:Справочник эколога. № 10 (154).— .— Москва: ООО «Профессиональное издательство», 2013-.— 2309-6268
總結:Текстовый файл
AM_alexhom
語言:俄语
出版: 2025
在線閱讀:https://kiosker.ru/publication/6-spravochnik-ekologa/issue/1005142/
格式: MixedMaterials 電子 圖書
KOHA link:https://koha.lib.tpu.ru/cgi-bin/koha/opac-detail.pl?biblionumber=683991

MARC

LEADER 00000nam2a2200000 4500
001 683991
005 20251223155258.0
090 |a 683991 
100 |a 20251223d2025 km|y0rusy50 ca 
101 0 |a rus 
102 |a RU 
105 |a a z 000yy 
135 |a drcn ---uucaa 
181 0 |a i   |b  e  
182 0 |a b 
183 |a cr  |2 RDAcarrier 
200 0 |a № 10 (154) 
203 |a Текст  |c электронный  |b визуальный 
210 |d 2025 
283 |a online_resource  |2 RDAcarrier 
336 |a Текстовый файл 
371 0 |a AM_alexhom 
461 1 |0 585563  |9 585563  |t Справочник эколога  |c Москва  |n ООО «Профессиональное издательство»  |d 2013-  |v № 10 (154)  |x 2309-6268 
801 0 |a RU  |b 63413507  |c 20251223  |g RCR 
850 |a 63413507 
856 4 0 |u https://kiosker.ru/publication/6-spravochnik-ekologa/issue/1005142/  |z https://kiosker.ru/publication/6-spravochnik-ekologa/issue/1005142/ 
942 |c CF